[Event "CRO-chT3 South"]
[Site "Dubrovnik"]
[Date "2013.10.26"]
[Round "7.3"]
[White "Bilus Gagic, Ante"]
[Black "Tomic Potrebujes, Zlatko"]
[Result "1/2-1/2"]
[WhiteElo "1976"]
[BlackElo "1925"]
[PlyCount "28"]
[EventDate "2013.04.27"]
[EventType "team-tourn"]
[EventRounds "7"]
[EventCountry "CRO"]
[SourceTitle "EXT 2014"]
[Source "ChessBase"]
[SourceDate "2013.11.20"]
[SourceVersion "1"]
[SourceVersionDate "2013.11.20"]
[SourceQuality "1"]
[WhiteTeam "Kastel"]
[BlackTeam "Split Brda II"]
[WhiteTeamCountry "CRO"]
[BlackTeamCountry "CRO"]

1. e4 d6 2. d4 Nf6 3. Bd3 e5 4. c3 Be7 5. Ne2 0-0 6. 0-0 Bg4 7. Be3 Nbd7 8. Nd2 d5 9. f3 Bh5 10. Qe1 Bg6 11. Rd1 c5 12. dxc5 Bxc5 13. Qf2 Qb6 14. Bxc5 Nxc5 1/2-1/2

[Event "CRO-chT3 South"]
[Site "Dubrovnik"]
[Date "2013.10.19"]
[Round "6.3"]
[White "Tomic Potrebujes, Zlatko"]
[Black "Lazaneo, Djani Ivan"]
[Result "1-0"]
[WhiteElo "1925"]
[BlackElo "1819"]
[PlyCount "69"]
[EventDate "2013.04.27"]
[EventType "team-tourn"]
[EventRounds "7"]
[EventCountry "CRO"]
[SourceTitle "EXT 2014"]
[Source "ChessBase"]
[SourceDate "2013.11.20"]
[SourceVersion "1"]
[SourceVersionDate "2013.11.20"]
[SourceQuality "1"]
[WhiteTeam "Split Brda II"]
[BlackTeam "Jelsa"]
[WhiteTeamCountry "CRO"]
[BlackTeamCountry "CRO"]

1. e4 e5 2. Nf3 Nc6 3. d4 exd4 4. Bc4 Bb4+ 5. c3 Ba5 6. 0-0 d3 7. Ng5 Ne5 8. Nxf7 Nxf7 9. Bxf7+ Kxf7 10. Qh5+ g6 11. Qxa5 d6 12. Qd5+ Kg7 13. Qxd3 Nf6 14. Bg5 h6 15. Be3 Rf8 16. h3 Qe7 17. Nd2 Bd7 18. f3 Rae8 19. Rae1 Nh5 20. Nb3 Kh7 21. Qd2 g5 22. Nd4 Nf4 23. Ne2 Qf7 24. b3 Nxg2 25. Kxg2 Qh5 26. Ng1 g4 27. fxg4 Bxg4 28. Rxf8 Rxf8 29. Bf4 Rg8 30. Kh2 Bd7 31. Bg3 Re8 32. e5 Qg6 33. exd6 Bc6 34. dxc7 Rg8 35. Re7+ 1-0

[Event "CRO-chT3 South"]
[Site "Dubrovnik"]
[Date "2013.10.12"]
[Round "5.4"]
[White "Bulic, Tonci"]
[Black "Tomic Potrebujes, Zlatko"]
[Result "1/2-1/2"]
[WhiteElo "1600"]
[BlackElo "1925"]
[PlyCount "85"]
[EventDate "2013.04.27"]
[EventType "team-tourn"]
[EventRounds "7"]
[EventCountry "CRO"]
[SourceTitle "EXT 2014"]
[Source "ChessBase"]
[SourceDate "2013.11.20"]
[SourceVersion "1"]
[SourceVersionDate "2013.11.20"]
[SourceQuality "1"]
[WhiteTeam "Stobrec"]
[BlackTeam "Split Brda II"]
[WhiteTeamCountry "CRO"]
[BlackTeamCountry "CRO"]

1. e4 d6 2. d4 Nf6 3. Nc3 Nbd7 4. Nf3 e5 5. Be2 Be7 6. 0-0 0-0 7. d5 c6 8. Nd2 cxd5 9. Nxd5 Nxd5 10. exd5 f5 11. c4 a5 12. a3 Nf6 13. Nf3 Ne4 14. Bd3 Nc5 15. Bc2 f4 16. Re1 Bf5 17. Bd2 a4 18. Bxf5 Rxf5 19. Qe2 Nb3 20. Rad1 Rc8 21. Bc3 Bf6 22. Nd4 Nxd4 23. Bxd4 Qd7 24. Bc3 f3 25. gxf3 Bg5 26. Bd2 Rcf8 27. f4 Bxf4 28. Bxf4 Rxf4 29. f3 R8f6 30. Rf1 Qh3 31. c5 Qh5 32. c6 Rf7 33. Rf2 Rc7 34. cxb7 Rxb7 35. Qa6 Qg5+ 36. Kh1 Qe7 37. Qa8+ Kf7 38. Qh8 Qh4 39. Rg2 g6 40. Rdg1 Qh5 41. Qc8 Re7 42. Qc6 Qxf3 43. Qxd6 1/2-1/2

[Event "Split SDZ op"]
[Site "Split"]
[Date "2012.03.24"]
[Round "8"]
[White "Tomic Potrebujes, Zlatko"]
[Black "Klaric, Ante1111"]
[Result "1-0"]
[WhiteElo "1991"]
[BlackElo "1765"]
[PlyCount "157"]
[EventDate "2012.03.17"]
[EventType "swiss"]
[EventRounds "9"]
[EventCountry "CRO"]
[SourceTitle "EXT 2013"]
[Source "ChessBase"]
[SourceDate "2012.11.22"]
[SourceVersion "1"]
[SourceVersionDate "2012.11.22"]
[SourceQuality "1"]

1. c4 Nf6 2. g3 c6 3. Bg2 e5 4. Nc3 Na6 5. e4 Be7 6. Nge2 0-0 7. 0-0 d6 8. d4 Bd7 9. b3 Qc7 10. Ba3 Rae8 11. Qd2 Qc8 12. Rfe1 Nb8 13. Rac1 Bh3 14. Bh1 Qd8 15. dxe5 dxe5 16. Qxd8 Bxd8 17. Bxf8 Kxf8 18. Bg2 Bc8 19. Red1 Ke7 20. Bf3 Na6 21. a3 h5 22. b4 g6 23. Na4 Be6 24. Rc3 h4 25. Nc1 Nb8 26. Nd3 Bc7 27. Nac5 Bc8 28. Bg2 h3 29. Bh1 Bg4 30. Re1 Bc8 31. Bf3 Nh7 32. Be2 Nf6 33. f3 a5 34. Nf2 Bb6 35. Rc2 Rh8 36. Kf1 Ne8 37. Nb3 axb4 38. c5 Bc7 39. axb4 Nd7 40. Ra1 Ng7 41. Ra8 Nb8 42. Rd2 Ne6 43. Bc4 Nd8 44. Ke2 f6 45. Rd1 f5 46. Rd6 Bxd6 47. cxd6+ Kxd6 48. Rxb8 Kc7 49. Ra8 b6 50. Ra1 Kb8 51. Rd1 Kc7 52. Ke3 Bd7 53. Nc1 Nb7 54. Ncd3 Nd6 55. Bb3 Re8 56. Nb2 Ra8 57. Nc4 Be6 58. Nxd6 Ra3 59. Ne8+ Kc8 60. Rd3 Bxb3 61. exf5 gxf5 62. Nd6+ Kc7 63. Nc4 f4+ 64. gxf4 Ra2 65. Rxb3 exf4+ 66. Kxf4 Rxf2 67. Kg3 Rg2+ 68. Kxh3 Rg5 69. Kh4 Rd5 70. Ne3 Rb5 71. Kg4 c5 72. Nd5+ Kc6 73. Nc3 Rxb4+ 74. Rxb4 cxb4 75. Nb1 Kc5 76. h4 Kc4 77. h5 Kb3 78. h6 Kb2 79. h7 1-0

[Event "Split SDZ op"]
[Site "Split"]
[Date "2012.03.22"]
[Round "6"]
[White "Simunic, Neno"]
[Black "Tomic Potrebujes, Zlatko"]
[Result "0-1"]
[WhiteElo "1771"]
[BlackElo "1991"]
[PlyCount "84"]
[EventDate "2012.03.17"]
[EventType "swiss"]
[EventRounds "9"]
[EventCountry "CRO"]
[SourceTitle "EXT 2013"]
[Source "ChessBase"]
[SourceDate "2012.11.22"]
[SourceVersion "1"]
[SourceVersionDate "2012.11.22"]
[SourceQuality "1"]

1. d4 d5 2. c4 c6 3. Nc3 Nf6 4. e3 e6 5. Nf3 Nbd7 6. Qc2 Be7 7. b3 0-0 8. Bd3 a6 9. 0-0 Re8 10. e4 dxe4 11. Nxe4 Nxe4 12. Bxe4 Nf6 13. Bd3 c5 14. Bb2 cxd4 15. Bxd4 h6 16. Rad1 Qa5 17. Be5 b5 18. c5 Bb7 19. c6 Rac8 20. Bxf6 Rxc6 21. Bh7+ Kh8 22. Bxg7+ Kxg7 23. Qb1 f5 24. Bxf5 exf5 25. Nd4 Rg6 26. Nxf5+ Kf8 27. Nxe7 Rxg2+ 28. Kh1 Rg5+ 29. f3 Rxe7 30. Qb2 Rge5 31. Qc1 Re3 32. Qc5 Qc7 33. Qf5+ Rf7 34. Rc1 Qxc1 35. Qxf7+ Kxf7 36. Rxc1 Bxf3+ 37. Kg1 Re6 38. Rf1 Rf6 39. Rc1 Bc6 40. b4 Ke7 41. h3 Kd7 42. Rc3 Rf3 0-1

[Event "Split op 4th"]
[Site "Split"]
[Date "2010.05.04"]
[Round "5"]
[White "Simovic, Mladen"]
[Black "Tomic Potrebujes, Zlatko"]
[Result "0-1"]
[WhiteElo "1857"]
[BlackElo "2024"]
[PlyCount "110"]
[EventDate "2010.04.30"]
[EventType "swiss"]
[EventRounds "9"]
[EventCountry "CRO"]
[SourceTitle "EXT 2011"]
[Source "ChessBase"]
[SourceDate "2010.11.26"]
[SourceVersion "1"]
[SourceVersionDate "2010.11.26"]
[SourceQuality "1"]

1. d4 Nf6 2. c4 e6 3. Nc3 Bb4 4. a3 Bxc3+ 5. bxc3 b6 6. e3 Bb7 7. Nf3 Ne4 8. Bb2 0-0 9. Bd3 f5 10. 0-0 d6 11. Qc2 Nd7 12. a4 a5 13. Rae1 Qf6 14. Nd2 Qg6 15. f3 Nxd2 16. Qxd2 Nf6 17. Ba3 Bc6 18. Bc2 Rab8 19. Qf2 Rfc8 20. Qh4 Qe8 21. e4 Bxa4 22. Bd3 fxe4 23. fxe4 Qh5 24. Qg3 Qg4 25. Qe3 e5 26. h3 Qe6 27. d5 Qf7 28. Rf3 Rf8 29. Ref1 Qh5 30. Rf5 Qh4 31. Bc1 Nd7 32. Kh2 Rxf5 33. Rxf5 Nc5 34. g3 Qe7 35. Be2 Bd7 36. Rf2 Rf8 37. Rxf8+ Qxf8 38. Kg2 h6 39. Bh5 Be8 40. Bf3 Qf6 41. h4 Ba4 42. Kh3 Bc2 43. Ba3 Qg6 44. Bxc5 bxc5 45. Qe2 Bb3 46. Bg4 Kf8 47. Bf5 Qf6 48. g4 g6 49. Bd7 Qf4 50. Qb2 Bxc4 51. Bb5 Qf1+ 52. Kg3 Bxb5 53. c4 Qxc4 54. Qf2+ Ke7 55. g5 hxg5 0-1

[Event "Split op 4th"]
[Site "Split"]
[Date "2010.05.02"]
[Round "3"]
[White "Biliskov, Vjekoslav"]
[Black "Tomic Potrebujes, Zlatko"]
[Result "1-0"]
[WhiteElo "2284"]
[BlackElo "2024"]
[PlyCount "49"]
[EventDate "2010.04.30"]
[EventType "swiss"]
[EventRounds "9"]
[EventCountry "CRO"]
[SourceTitle "EXT 2011"]
[Source "ChessBase"]
[SourceDate "2010.11.26"]
[SourceVersion "1"]
[SourceVersionDate "2010.11.26"]
[SourceQuality "1"]

1. d4 b6 2. c4 e6 3. Nc3 Bb4 4. Nf3 Bb7 5. Bg5 Ne7 6. Qb3 a5 7. a3 Bxc3+ 8. Qxc3 f6 9. Bf4 Ng6 10. Bg3 0-0 11. e3 c5 12. dxc5 e5 13. cxb6 Qxb6 14. c5 Qc7 15. h4 d5 16. cxd6 Qxd6 17. Qb3+ Bd5 18. Bc4 Bxc4 19. Qxc4+ Kh8 20. 0-0 Qb6 21. h5 Ne7 22. h6 g6 23. Nxe5 fxe5 24. Bxe5+ Rf6 25. Qf7 1-0

[Event "Split op 4th"]
[Site "Split"]
[Date "2010.04.30"]
[Round "1"]
[White "Protic, Rade"]
[Black "Tomic Potrebujes, Zlatko"]
[Result "0-1"]
[WhiteElo "1450"]
[BlackElo "2024"]
[PlyCount "90"]
[EventDate "2010.04.30"]
[EventType "swiss"]
[EventRounds "9"]
[EventCountry "CRO"]
[SourceTitle "EXT 2011"]
[Source "ChessBase"]
[SourceDate "2010.11.26"]
[SourceVersion "1"]
[SourceVersionDate "2010.11.26"]
[SourceQuality "1"]

1. d4 Nf6 2. f4 d5 3. Nf3 Bf5 4. e3 e6 5. Bd3 Ne4 6. 0-0 Be7 7. Nbd2 0-0 8. Qe2 c5 9. Bxe4 dxe4 10. Ne5 cxd4 11. Nb3 f6 12. Ng4 dxe3 13. Bxe3 Bxg4 14. Qxg4 f5 15. Qe2 Qc8 16. c3 Nd7 17. h3 Nc5 18. Qc4 Nd3 19. Qxc8 Rfxc8 20. Rab1 a5 21. Nd4 Bc5 22. a3 a4 23. Nc2 Kf7 24. g3 b6 25. Rfd1 Rd8 26. Kf1 h6 27. Ke2 g5 28. Bxc5 bxc5 29. Ke3 gxf4+ 30. gxf4 Rg8 31. Rg1 Rxg1 32. Rxg1 Rg8 33. Rxg8 Kxg8 34. Kd2 Nxf4 35. h4 Nd3 36. b4 axb3 37. Ne3 Nb2 38. c4 f4 39. Ng4 Nxc4+ 40. Kc3 b2 41. Kc2 Kg7 42. a4 e3 43. Nh2 e5 44. a5 e2 45. Nf3 e4 0-1

[Event "Split op 3rd"]
[Site "Split"]
[Date "2009.02.28"]
[Round "1"]
[White "Milicic, Djuro"]
[Black "Tomic Potrebujes, Zlatko"]
[Result "0-1"]
[WhiteElo "1479"]
[BlackElo "2039"]
[PlyCount "48"]
[EventDate "2009.02.28"]
[EventType "swiss"]
[EventRounds "9"]
[EventCountry "CRO"]
[SourceTitle "CBM 129 Extra"]
[Source "ChessBase"]
[SourceDate "2009.05.05"]
[SourceVersion "2"]
[SourceVersionDate "2009.05.20"]
[SourceQuality "1"]

1. d4 Nf6 2. c4 e6 3. Nf3 d5 4. Nc3 Bb4 5. Bg5 c5 6. e3 Qa5 7. Rc1 Ne4 8. Qb3 0-0 9. Be2 cxd4 10. exd4 dxc4 11. Bxc4 Bxc3+ 12. bxc3 Nxg5 13. Ne5 Nc6 14. Nxc6 bxc6 15. 0-0 Ne4 16. Qc2 Nf6 17. Rfe1 Ba6 18. Re5 Qa3 19. Bb3 Bd3 20. Qd1 Rab8 21. Re1 Bg6 22. h3 h5 23. g4 hxg4 24. hxg4 Rb5 0-1

[Event "Dubrovnik op"]
[Site "Dubrovnik"]
[Date "2008.04.24"]
[Round "2"]
[White "Tomic Potrebujes, Zlatko"]
[Black "Nikolov, Sasho"]
[Result "0-1"]
[WhiteElo "2009"]
[BlackElo "2407"]
[PlyCount "54"]
[EventDate "2008.04.24"]
[EventType "swiss"]
[EventRounds "7"]
[EventCountry "CRO"]
[SourceTitle "CBM 124 Extra"]
[Source "ChessBase"]
[SourceDate "2008.07.03"]
[SourceVersion "1"]
[SourceVersionDate "2008.07.03"]
[SourceQuality "1"]

1. e4 d5 2. exd5 Qxd5 3. Nc3 Qd6 4. Nf3 Nf6 5. Bc4 a6 6. a4 Nc6 7. h3 Bf5 8. d3 h6 9. Be3 e6 10. Qe2 0-0-0 11. 0-0-0 Qb4 12. g4 Bh7 13. Nd2 Nd5 14. Bxd5 exd5 15. d4 Nxd4 16. Bxd4 Qxd4 17. Nb3 Qf4+ 18. Rd2 Bb4 19. Rhd1 Bxc3 20. bxc3 Rhe8 21. Qf1 Qxa4 22. Kb2 c6 23. Rd4 Qb5 24. Qg1 Re2 25. Rc1 c5 26. Rf4 c4 27. Qf1 Qxb3+ 0-1